| 000 | 01000cam a22003257a 4500 | ||
|---|---|---|---|
| 003 | CHAP | ||
| 005 | 20220817044051.0 | ||
| 008 | 051129d2005 it r 00110 eng d | ||
| 010 | _a91443 | ||
| 011 | _a92415 | ||
| 020 | _a9250052715 | ||
| 035 | _a102979 | ||
| 040 | _cCHAP | ||
| 090 | _aFolleto 17025 | ||
| 110 | 0 | _aFAO | |
| 245 | 1 | 0 |
_aReport of the FAO-WARDA workshop on integrated irrigation aquaculture : _bBamako, Mali 4-7 november 2003 _c/by FAO |
| 260 |
_aRome : _bFAO, _c2005. |
||
| 300 | _a44 p. | ||
| 590 |
_aBATCH-UPD _b10 _c20130110 _lUCH01 _h1109 |
||
| 590 |
_aBATCH-UPD _b10 _c20130410 _lUCH01 _h0701 |
||
| 590 |
_aBATCH-UPD _b10 _c20130914 _lUCH01 _h1656 |
||
| 590 |
_aCONVERSION _b10 _c20130109 _lUCH01 _h1351 |
||
| 650 | 1 | 4 |
_aAcuicultura. _9758 |
| 650 | 1 | 4 |
_aIrrigación. _960366 |
| 901 | _aBK | ||
| 905 | _aLilia | ||
| 942 | _cFOLL | ||
| 949 |
_aFolleto 17025 _bBC _cFAO _d33724000968335 _eFAO2 _fc.2 _i102979 _sb |
||
| 949 |
_aFolleto 17025 _bBC _cFAO _d33724000973046 _eFAO1 _i102979 _sb |
||
| 999 |
_c91443 _d91443 |
||